000 00434nam a22001817a 4500
005 20250619155024.0
008 250506b |||||||| |||| 00| 0 eng d
020 _a9781526635211
040 _cSDCL
041 _aeng
084 _aO-,3MAA R3 LR
100 _aMaas, Sarah J.
245 _aCrown of Midnight
260 _aNew Delhi :
_bBloomsbury,
_c2023.
300 _a420p
490 _aThrone of Glass
942 _2CC
_cGB
999 _c1311815
_d1311815